Регионална библиотека "Любен Каравелов" - Русе

Икономика на туристическата фирма (Запис номер 76336)

MARC детайли
000 -Лидер
Контролно поле с фиксирана дължина 02036nam a2200409 c 4500
003 - Код на организацията, давaща контролен номер
Контролно поле BLK
005 - Дата и час на последна редакция
Контролно поле 20180422103556.0
008 - Елементи от данни с фиксирана дължина
fixed length control field 180408b bul|||||r ||||||| ||bul||
010 ## - Наследен системен номер
LC control number KNG00080767000
020 ## - Международен стандартен номер на книга ISBN
Международен стандартен номер на книга ISBN 978-954-535-480-9
-- издат.: Нов бълг. унив.
040 ## - Източник на каталожния запис
Идентификатор на билиотеката - собственик на записа BLK
041 ## - Код за език
Код за езика на текст/звукозапис или на отделно заглавие Български
Код за езика КДБФ Български
080 ## - УДК
Текстов определител УДК Туризмът от стопанско гледище. Политика по отношение на туризма. Икономика и организация на туризма. Вътрешен и международен туризъм. Вж и 379.8
УДК код - определител по УДК 338.48
УДК определител (075.8)
УДК - код + определител 338.48(075.8)
080 ## - УДК
Текстов определител УДК Форми на предприятията в зависимост от отношението към собствеността...
УДК код - определител по УДК 334.72
УДК определител .003(075.8)
УДК - код + определител 334.72.003(075.8)
100 1# - Редна дума - Автор
Автор Нешков, Марин Найденов
Авторска отговорност първи автор
R(LIN) 363711
139 ## - Редно поле
Редна дума Нешков, Марин Найденов и др.
Авторски знак Неш - Н 64
245 10 - Сведения за заглавието
Заглавие Икономика на туристическата фирма
Редно поле (дума) Марин Найденов Нешков; съавт. Велина Иванчева Казанджиева.
257 ## - Страна на издаване
Страна на създаване/издаване България
260 ## - Област на издателските данни
-- София
Име на издателя, разпространителя и проч. Нов бълг. унив.
Година на издаване 2007
300 ## - Физическа характеристика
Страници 296 с.
Размери/Мащаб 21 см
380 ## - Жанр
Жанр Обществени науки
500 ## - Общи забележки
Забележка Офс. изд. - Библиогр. с. 289-295.
504 ## - Забележка за наличие на библиография и др
Забележка за наличие на библиография и под. 289-295
590 ## - Забележки на библиотеката, притежаваща документа (RLIN)
Служебно ф
650 #4 - Допълнително описание по предмет – тема
Основно описание – тема или топоним Стопански туризъм - икономика и организация - учебни помагала
9 (RLIN) 297849
650 #4 - Допълнително описание по предмет – тема
Основно описание – тема или топоним Туризъм - икономика и организация
9 (RLIN) 263794
650 #4 - Допълнително описание по предмет – тема
Основно описание – тема или топоним Туризъм, международен - икономика и организация
9 (RLIN) 248420
653 ## - Ключова дума – ненормативна
Ключова дума икономика
653 ## - Ключова дума – ненормативна
Ключова дума туризъм
653 ## - Ключова дума – ненормативна
Ключова дума учебници
700 1# - Други автори (авторска отговорност)
Лично име Казанджиева, Велина Иванчева
Автороска отговорност (Описва отношението между автора и произведението) съавт.
9 (RLIN) 297848
852 ## - Местоположение
Форматна сигнатура Цб 237938
856 4# - Електронен адрес и достъп
Електронен формат pdf - файл
Път до файла /url/
856 4# - Електронен адрес и достъп
Електронен формат pdf - файл
Път до файла /url/
942 ## - АРТИКУЛИ
Вид на библиотечния материал Книги
Скрит в OPAC Не
944 ## - СЪЗДАВАНЕ И РЕДАКЦИЯ на ЗАПИСА
Създаване/Редакция Създаване
Дата на регистрацията/редакция 24.01.2008
Служител, извършил регистрацията/редакцията Кети_Илиева
944 ## - СЪЗДАВАНЕ И РЕДАКЦИЯ на ЗАПИСА
Създаване/Редакция Редакция
Дата на регистрацията/редакция 23.11.2012
Служител, извършил регистрацията/редакцията
999 ## - СИСТЕМНИ КОНТРОЛНИ НОМЕРА
Koha biblionumber 76336
Koha biblioitemnumber 76336
Наличности
Код за отписване Код за изгубен артикул Код за повреда Коз за рестрикции Код за отдаване Артикулен № Име на библиотеката - собственик Име на библиотеката, в която се намира в момента Статус (Текущо местоположение) Дата на вписване в системата Местоположение - отдел Цена в лева Инвентарен номер Систематично азбучна сигнатура Баркод Номер на екземпляра Цена в евро Служебна бележка Служебен тип на артикула
  Не е изгубен Не е повреден без рестрикции ползва се в читалня 123999 Регионална библиотека "Любен Каравелов" Русе Регионална библиотека "Любен Каравелов" Русе Читалня 2008-01-24 Читалня 10.00 120000722503 Ч 338/Н 64 120000722503 1 5.11 Дост: Pk Вид: Ф N: 14273 Дата: 22.01.2008 Дата инв: 23.03.2017 Бележки инв: Ч2017 Книги
  Не е изгубен Не е повреден без рестрикции заемане за дома 124000 Регионална библиотека "Любен Каравелов" Русе Регионална библиотека "Любен Каравелов" Русе Заемна - подръчен фонд 2008-04-07 Заемна - подръчен фонд 10.00 120000725241 П 338.4/Н 64 120000725241 2 5.11 Дост: Pk Вид: Ф N: 2100 Дата: 03.04.2008 Дата инв: 05.02.2018 Бележки инв: П2018 Книги
  Не е изгубен Не е повреден без рестрикции заемане за дома 124001 Регионална библиотека "Любен Каравелов" Русе Регионална библиотека "Любен Каравелов" Русе Заемна - подръчен фонд 2008-10-29 Заемна - подръчен фонд 10.00 120000730950 П 338.4/Н 64 120000730950 3 5.11 Дост: Pk Вид: Ф N: 9066 Дата: 22.10.2008 Дата инв: 05.02.2018 Бележки инв: П2018 Книги
Vip Innovations Ltd, Rousse, Bulgaria 2025